Countries With 10 letters, or More Than 10 Letters - Statistics

General Stats
  • This quiz has been taken 211 times
    193 since last reset
  • The average score is 36 of 49
Answer Stats
Answer % Correct
United States of America
92%
Turkmenistan
90%
South Korea
89%
Kazakhstan
88%
North Korea
88%
United Kingdom
88%
South Africa
87%
Uzbekistan
85%
New Zealand
84%
Afghanistan
83%
Democratic Republic of the Congo
83%
Tajikistan
82%
South Sudan
81%
Philippines
79%
Kyrgyzstan
78%
Madagascar
78%
Saudi Arabia
78%
Azerbaijan
77%
Saint Kitts and Nevis
76%
United Arab Emirates
75%
Marshall Islands
74%
Saint Vincent and the Grenadines
74%
Solomon Islands
74%
Trinidad and Tobago
74%
Central African Republic
73%
Papua New Guinea
72%
Vatican City
72%
Dominican Republic
71%
Mozambique
71%
Bosnia and Herzegovina
70%
Luxembourg
70%
Saint Lucia
70%
Antigua and Barbuda
68%
Liechtenstein
68%
Sao Tome and Principe
68%
Burkina Faso
67%
Equatorial Guinea
67%
Mauritania
65%
Guinea Bissau
64%
Netherlands
64%
Seychelles
64%
Montenegro
61%
Czech Republic
60%
El Salvador
60%
Switzerland
58%
Bangladesh
56%
Sierra Leone
56%
Federated States of Micronesia
55%
Ivory Coast
53%
No matching quizzes found
Score Distribution
Percent of People with Each Score
Percentile by Number Answered
Your Score History
You have not taken this quiz since the last reset